00330nam a2200097 a 450000100100000000500170001000800410002724500640006826000870013204000130021900003978420201002033730.0130719s2004 cl a 000 0 spa d 0aEscuela militar del libertador general Bernardo O´Higgins. aSantiago de Chile-- Dirección de Bibliotecas, archivos y Museos,cs. f.-- 152 p. aDO-SdBNP